Harangue sur les prevarications de l'Ambassade

Αποθηκεύτηκε σε:
Λεπτομέρειες βιβλιογραφικής εγγραφής
Κύριος συγγραφέας: Δημοσθένης, 384-322
Μορφή: Βιβλίο
Γλώσσα:French
Ancient Greek
Δημοσίευση: Paris : Alger : Hachette, 1848.
Σειρά:Les Auteurs Grecs
Θέματα:
Ετικέτες: Προσθήκη ετικέτας
Δεν υπάρχουν, Καταχωρήστε ετικέτα πρώτοι!

MARC

LEADER 00000cam a2200000 i 4500
001 1/68052
008 150227s1848 fr | ||| |||| ||fre||
035 |l 10121279 
040 |a GR-MyUA  |b gre  |e AACR2 
041 0 |a fre  |h grc 
082 0 |a 885.3  |2 (23) 
100 0 |a Δημοσθένης,   |d 384-322. 
245 1 0 |a Harangue sur les prevarications de l'Ambassade /   |c Demosthene.  
246 3 3 |i Άλλες παραλλαγές του τίτλου:   |a Demosthene Harangue sur les prevarications de l'Ambassade 
260 |a Paris :   |a Alger :   |b Hachette,   |c 1848.  
300 |a 391 σ. ;   |c 18 εκ.  
490 1 |a (Les Auteurs Grecs)  
600 0 7 |2 nlgaf  |a Δημοσθένης,   |d 384-322. 
650 0 0 |a Rhetoric, Ancient. 
650 0 0 |a Oratory, Ancient. 
830 0 |a Les Auteurs Grecs 
852 |a INST  |b SAMOS  |c PORFYRIADA  |e 20150227  |h 885.3 ΔΗΜ  |p 005300041844  |q 005300041844  |t NOLOAN  |y 23 
901 |a BIBL3-2015-1 
909 |a Σ  |b 191895 
970 |a ΣΙΤΖΙΜΗ  |b ΓΙΑΣΕΜΗ  |z 2015/02/27